<?xml version="1.0" encoding="UTF-8"?>
<collection xmlns="http://www.loc.gov/MARC21/slim">
 <record>
  <leader>04454nam a2200373 a 4500</leader>
  <controlfield tag="001">kal684</controlfield>
  <controlfield tag="003">Gr-AtHEAL</controlfield>
  <controlfield tag="005">20160421081518.0</controlfield>
  <controlfield tag="006">m        d        </controlfield>
  <controlfield tag="008">160413s2015    gr      s           gre|c</controlfield>
  <datafield tag="020" ind1=" " ind2=" ">
   <subfield code="a">9789606030642</subfield>
  </datafield>
  <datafield tag="040" ind1=" " ind2=" ">
   <subfield code="a">GR-AtHEAL</subfield>
   <subfield code="b">gre</subfield>
   <subfield code="c">GR-AtHEAL</subfield>
  </datafield>
  <datafield tag="082" ind1="0" ind2="4">
   <subfield code="a">185</subfield>
   <subfield code="2">23</subfield>
  </datafield>
  <datafield tag="100" ind1="1" ind2=" ">
   <subfield code="a">Κάλφας, Βασίλειος.</subfield>
   <subfield code="8">244</subfield>
  </datafield>
  <datafield tag="245" ind1="1" ind2="0">
   <subfield code="a">Αριστοτέλης,περί φύσεως</subfield>
   <subfield code="h">[Ηλεκτρονικός πόρος] </subfield>
   <subfield code="b">Το δεύτερο βιβλίο των φυσικών</subfield>
   <subfield code="c">Κάλφας, Βασίλειος ; Κριτικός αναγνώστης,Μπάλλα, Χλόη ; Γραφιστική επιμέλεια,Μεταλληνός, Παναγιώτης ; Γλωσσική επιμέλεια,Σπηλιόπουλος, Λάμπρος.</subfield>
  </datafield>
  <datafield tag="260" ind1=" " ind2=" ">
   <subfield code="a">Αθήνα :</subfield>
   <subfield code="b">Σύνδεσμος Ελληνικών Ακαδημαϊκών Βιβλιοθηκών,</subfield>
   <subfield code="c">c2015.</subfield>
  </datafield>
  <datafield tag="490" ind1=" " ind2=" ">
   <subfield code="a">Ακαδημαϊκά Ηλεκτρονικά Συγγράμματα και Βοηθήματα Κάλλιπος</subfield>
   <subfield code="8">40</subfield>
  </datafield>
  <datafield tag="520" ind1=" " ind2=" ">
   <subfield code="a">Το βιβλίο είναι έκδοση, μετάφραση και αναλυτικός σχολιασμός ενός από τα πιο σημαντικά κείμενα του Αριστοτέλη. Στο 2ο βιβλίο των &quot;Φυσικών&quot; ο Αριστοτέλης εκθέτει τη θεωρία της αιτιότητας που υιοθετεί για τη μελέτη των φαινομένων της φύσης (τα γνωστά 4 αριστοτελικά αίτια), αντιτίθεται στη μηχανιστική αιτιοκρατία των Ατομικών φιλοσόφων και προτείνει τη δική του τελεολογική οπτική. Θίγει επίσης το ζήτημα του κατά πόσον υπάρχει έννοια τύχης στη φύση.Οποιαδήποτε έκθεση της φυσικής φιλοσοφίας του Αριστοτέλη εκκινεί από την ανάλυση αυτού του κειμένου, ενώ αποτελεί σημείο τομής για τη μεταγενέστερη φυσική φιλοσοφία (μέχρι την ανάδυση της σύγχρονης φυσικής κατά τον 17ο αιώνα).Το βιβλίο θα είναι διαρθρωμένο:1. Σε μια εκτενή εισαγωγή, όπου τοποθετείται η προσέγγιση του Αριστοτέλη σε σχέση με τον διανοητικό περίγυρο του 40υ π.Χ. αιώνα2. Στο αρχαίο κείμενο του Αριστοτέλη με τη νεοελληνική του μετάφραση, συνοδευμένη από έναν περιορισμένο αριθμό ερμηνευτικών σημειώσεων.3. Αναλυτική ερμηνεία του κειμένου του Αριστοτέλη διαρθρωμένη σύμφωνα με τα υποκεφάλαια του αρχαίου κειμένου4. Βιβλιογραφία, γλωσσάρι, πίνακες και ευρετήρια.</subfield>
  </datafield>
  <datafield tag="650" ind1=" " ind2="0">
   <subfield code="a">Aristotle</subfield>
   <subfield code="v">Physics. Book 2</subfield>
   <subfield code="8">1514</subfield>
  </datafield>
  <datafield tag="653" ind1=" " ind2=" ">
   <subfield code="a">Αρχαίο κείμενο - μετάφραση</subfield>
  </datafield>
  <datafield tag="653" ind1=" " ind2=" ">
   <subfield code="a">Φυσική φιλοσοφία</subfield>
  </datafield>
  <datafield tag="653" ind1=" " ind2=" ">
   <subfield code="a">Αριστοτέλης</subfield>
  </datafield>
  <datafield tag="653" ind1=" " ind2=" ">
   <subfield code="a">Φιλοσοφία</subfield>
   <subfield code="a">Ιστορία της δυτικής φιλοσοφίας</subfield>
   <subfield code="a">Αρχαία ελληνική φιλοσοφία</subfield>
   <subfield code="a">Κλασική ελληνική φιλοσοφία</subfield>
  </datafield>
  <datafield tag="653" ind1=" " ind2=" ">
   <subfield code="a">Φιλοσοφία</subfield>
   <subfield code="a">Ιστορία της δυτικής φιλοσοφίας</subfield>
  </datafield>
  <datafield tag="653" ind1=" " ind2=" ">
   <subfield code="a">Φιλοσοφία</subfield>
   <subfield code="a">Ιστορία της δυτικής φιλοσοφίας</subfield>
   <subfield code="a">Αρχαία ελληνική φιλοσοφία</subfield>
  </datafield>
  <datafield tag="653" ind1=" " ind2=" ">
   <subfield code="a">Κλασική ελληνική φιλοσοφία</subfield>
  </datafield>
  <datafield tag="653" ind1=" " ind2=" ">
   <subfield code="a">Ιστορία της δυτικής φιλοσοφίας</subfield>
  </datafield>
  <datafield tag="653" ind1=" " ind2=" ">
   <subfield code="a">Αρχαία ελληνική φιλοσοφία</subfield>
  </datafield>
  <datafield tag="700" ind1="1" ind2=" ">
   <subfield code="a">Μπάλλα, Χλόη</subfield>
   <subfield code="e">Κριτικός αναγνώστης</subfield>
   <subfield code="8">247</subfield>
  </datafield>
  <datafield tag="856" ind1="4" ind2="0">
   <subfield code="u">http://hdl.handle.net/11419/684</subfield>
   <subfield code="z">Πλήρες Κείμενο - Full text</subfield>
  </datafield>
  <datafield tag="907" ind1=" " ind2=" ">
   <subfield code="a">.b25677044</subfield>
   <subfield code="b">12-06-18</subfield>
   <subfield code="c">29-07-16</subfield>
  </datafield>
  <datafield tag="949" ind1=" " ind2=" ">
   <subfield code="0">0</subfield>
   <subfield code="1">0</subfield>
   <subfield code="2">ddc</subfield>
   <subfield code="4">0</subfield>
   <subfield code="6">185_000000000000000_ΚΑΛ</subfield>
   <subfield code="7">0</subfield>
   <subfield code="8">KALL</subfield>
   <subfield code="8">462</subfield>
   <subfield code="d">2016-04-13</subfield>
   <subfield code="r">2016-04-13</subfield>
   <subfield code="w">2016-04-13</subfield>
   <subfield code="z">185 ΚΑΛ</subfield>
   <subfield code="o">SEAB KALLIPOS</subfield>
  </datafield>
  <datafield tag="998" ind1=" " ind2=" ">
   <subfield code="a">01</subfield>
   <subfield code="a">02</subfield>
   <subfield code="a">03</subfield>
   <subfield code="a">04</subfield>
   <subfield code="a">05</subfield>
   <subfield code="a">06</subfield>
   <subfield code="a">07</subfield>
   <subfield code="a">08</subfield>
   <subfield code="a">09</subfield>
   <subfield code="a">10</subfield>
   <subfield code="a">11</subfield>
   <subfield code="a">12</subfield>
   <subfield code="a">13</subfield>
   <subfield code="a">14</subfield>
   <subfield code="a">15</subfield>
   <subfield code="a">16</subfield>
   <subfield code="a">17</subfield>
   <subfield code="a">18</subfield>
   <subfield code="a">19</subfield>
   <subfield code="a">20</subfield>
   <subfield code="a">21</subfield>
   <subfield code="a">22</subfield>
   <subfield code="a">23</subfield>
   <subfield code="a">24</subfield>
   <subfield code="a">25</subfield>
   <subfield code="a">26</subfield>
   <subfield code="a">80</subfield>
   <subfield code="b">15-06-04</subfield>
   <subfield code="c">m</subfield>
   <subfield code="d">z  </subfield>
   <subfield code="e">-</subfield>
   <subfield code="f">gre</subfield>
   <subfield code="g">gr </subfield>
   <subfield code="h">0</subfield>
  </datafield>
  <datafield tag="942" ind1=" " ind2=" ">
   <subfield code="2">ddc</subfield>
   <subfield code="c">KALLIPOS</subfield>
  </datafield>
 </record>
</collection>
